000 00845cam7a220026500 4500
001 lce00289253
008 780906s1978 ohua b 001 0 eng
010 _a 77089745
020 _a0675084423
035 _a(Sirsi) r115775
035 _a(DLC) 77089745
035 _a(UPRA)lce00289253
050 0 _aLC1043
_b.E87 1978
082 _a373.2/46
100 1 _aEvans, Rupert Nelson.
_6A80711.1
245 1 0 _aFoundations of vocational education /
_cRupert N. Evans, Edwin L. Herr.
250 _a2d ed.
260 _aColumbus, Ohio :
_bMerrill,
_cc1978.
490 0 _aThe Merrill series in career programs
_6S22001.1
504 _aIncludes bibliographies and index.
650 0 _aVocational education.
_6S27154.1
700 1 _aHerr, Edwin L.
_6A80712.1
949 _aLC1043
_wlcc
_i33729000401484
_mMAIN
_tBOOK
_lON-SHELF
004 115775
999 _c196700
_d196700